| 000 | 00630nam a22001697a 4500 | ||
|---|---|---|---|
| 999 |
_c12389 _d12389 |
||
| 008 | 190124b ||||| |||| 00| 0 eng d | ||
| 082 |
_22018 _aUT 1175 _bC25 |
||
| 100 |
_aCapuyan, Leah Mae M. _934957 |
||
| 245 |
_aLearning strategies and achievement in mathematics / _cLeah Mae M. Capuyan, Shiela Mae N. Saligan, and Maylen G. Zamora |
||
| 260 |
_aDigos City: _bUMDC _cNovember 2018. |
||
| 300 |
_a98 pages; _c30 cm. |
||
| 650 |
_aEducation _vMathematics _xUndergraduate thesis. _934958 |
||
| 700 |
_aCapuyan, Leah Mae M. _934957 |
||
| 700 |
_aSaligan, Shiela Mae N. _934959 |
||
| 700 |
_aZamora, Maylen G. _934960 |
||
| 942 |
_2ddc _cUT |
||